Tìm hiểu các qui định về đấu thầu và đầu tư trong xây dựng cơ bản

שמור ב:
מידע ביבליוגרפי
מחבר ראשי: Nguyễn, Văn Hiệp
פורמט: ספר
שפה:Undetermined
יצא לאור: Hà Nội Thống kê 2000
נושאים:
תגים: הוספת תג
אין תגיות, היה/י הראשונ/ה לתייג את הרשומה!
Thư viện lưu trữ: Trung tâm Học liệu Trường Đại học Cần Thơ
LEADER 00591nam a2200181Ia 4500
001 CTU_39918
008 210402s9999 xx 000 0 und d
082 |a 657.869 
082 |b H307 
100 |a Nguyễn, Văn Hiệp 
245 0 |a Tìm hiểu các qui định về đấu thầu và đầu tư trong xây dựng cơ bản 
245 0 |c Nguyễn Văn Hiệp, Nguyễn Văn Hà 
260 |a Hà Nội 
260 |b Thống kê 
260 |c 2000 
650 |a Building 
650 |x Prices 
980 |a Trung tâm Học liệu Trường Đại học Cần Thơ